Bloodline (Record no. 28567)

MARC details
000 -LEADER
fixed length control field 00250nam a2200109Ia 4500
082 ## - DEWEY DECIMAL CLASSIFICATION NUMBER
Classification number 82-3
Item number SHE
100 ## - MAIN ENTRY--AUTHOR NAME
Personal name Sheldon, Sidney
245 #0 - TITLE STATEMENT
Title Bloodline
260 ## - PUBLICATION, DISTRIBUTION, ETC. (IMPRINT)
Place of publication New York
Name of publisher Warner
Year of publication 1979
942 ## - ADDED ENTRY ELEMENTS (KOHA)
Koha item type Books
Holdings
Withdrawn status Lost status Damaged status Not for loan Home library Current library Date acquired Full call number Accession Number Koha item type
      Write off RRII Library RRII Library 16/12/2021 82-3 SHE 09166 Books